Mudhakkirāt Ṭāhā al-Hāshimī / (Record no. 49914)
[ view plain ]
| 000 -LEADER | |
|---|---|
| fixed length control field | 00731cam a22002291 4500 |
| 001 - CONTROL NUMBER | |
| control field | ne 68000053 |
| 003 - CONTROL NUMBER IDENTIFIER | |
| control field | DLC |
| 005 - DATE AND TIME OF LATEST TRANSACTION | |
| control field | 20260227111836.0 |
| 008 - FIXED-LENGTH DATA ELEMENTS--GENERAL INFORMATION | |
| fixed length control field | 830919m19679999le b 001 0 arar |
| 010 ## - LIBRARY OF CONGRESS CONTROL NUMBER | |
| LC control number | ne 68000053 |
| 035 ## - SYSTEM CONTROL NUMBER | |
| System control number | (OCoLC)9924088 |
| 040 ## - CATALOGING SOURCE | |
| Original cataloging agency | DLC |
| Transcribing agency | TU |
| Modifying agency | TU |
| -- | DLC |
| 050 00 - LIBRARY OF CONGRESS CALL NUMBER | |
| Classification number | DS79.6.H3 |
| Item number | A3 |
| 100 1# - MAIN ENTRY--PERSONAL NAME | |
| Personal name | Hāshimī, Ṭāhā, |
| Dates associated with a name | 1888-1961. |
| 245 10 - TITLE STATEMENT | |
| Title | Mudhakkirāt Ṭāhā al-Hāshimī / |
| Statement of responsibility, etc. | bi-qalam Khaldūn Sāṭiʻ al-Ḥuṣarī. |
| 260 ## - PUBLICATION, DISTRIBUTION, ETC. | |
| Place of publication, distribution, etc. | Bayrūt, |
| Name of publisher, distributor, etc. | Dār al-Ṭaʼlīʻah, |
| Date of publication, distribution, etc. | 1967-1978. |
| 300 ## - PHYSICAL DESCRIPTION | |
| Extent | 2 v. ; |
| Dimensions | 25 cm. |
| 504 ## - BIBLIOGRAPHY, ETC. NOTE | |
| Bibliography, etc. note | Includes bibliographical references and index. |
| 505 0# - FORMATTED CONTENTS NOTE | |
| Formatted contents note | v . 1. 1919-1943 -- v. 2. 1942-1955. |
| 651 #0 - SUBJECT ADDED ENTRY--GEOGRAPHIC NAME | |
| Geographic name | Iraq |
| General subdivision | History. |
| 700 1# - ADDED ENTRY--PERSONAL NAME | |
| Personal name | Husry, Khaldun Sati, |
| Dates associated with a name | 1923- |
No items available.